Integer programming /

Guardado en:
Autor Principal: Walukiewicz, Stanislaw.
Formato: Libro
Idioma:English
Polish
Publicado: Dordrecht : Warszawa : Kluwer Academic Publishers ; PWN--Polish Scientific Publishers, c1991.
Series:Mathematics and its applications (Kluwer Academic Publishers). East European series ; v. 46.
Materias:
Etiquetas: Agregar Etiqueta
Sin Etiquetas, Sea el primero en etiquetar este registro!
LEADER 01111pam a2200265 a 4500
001 MAT.inmabb004517
008 900308s1991####ne#a#####b####001#0#eng##
005 20130314154447.0
245 1 0 |a Integer programming /  |c Stanislaw Walukiewicz. 
260 |a Dordrecht :  |b Kluwer Academic Publishers ;  |a Warszawa :  |b PWN--Polish Scientific Publishers,  |c c1991. 
300 |a xvi, 182 p. :  |b il. ;  |c 25 cm. 
490 1 |a Mathematics and its applications (East European series) ;  |v v. 46 
500 |a "Revised translation from the Polish original Programowanie dyskretne, published in 1986"--T.p. verso. 
504 |a Incluye referencias bibliográficas (p. [170]-178) e índice. 
510 4 |a MR,  |c 92i:90007 
020 |a 0792307267 
100 1 |a Walukiewicz, Stanislaw. 
240 1 0 |a Programowanie dyskretne.  |l Inglés 
830 0 |a Mathematics and its applications (Kluwer Academic Publishers).  |p East European series ;  |v v. 46. 
650 0 |a Integer programming. 
084 |a 90-02 (90C10 90C27)  |2 msc2000 
010 |a  90004332  
040 |a DLC  |c DLC  |d DLC 
041 1 |a eng  |h pol 
859 |h 90  |i W241  |p A-6451  |b BIB. MATEMATICA